|
|
|
|
| LEADER |
00000nam0a2200000 4500 |
| 001 |
275897 |
| 005 |
20231101234853.0 |
| 020 |
|
|
|a RU
|b 85-88196
|
| 035 |
|
|
|a (RuTPU)RU\TPU\book\299150
|
| 090 |
|
|
|a 275897
|
| 100 |
|
|
|a 20141118d1985 km y0rusy5003 ca
|
| 101 |
0 |
|
|a rus
|
| 102 |
|
|
|a RU
|
| 105 |
|
|
|a a z 000zy
|
| 200 |
1 |
|
|a Руководство по ведению топографо-геодезической документации в системе Мингео СССР
|f СССР, Министерство геологии (Мингео)
|
| 210 |
|
|
|a Москва
|c [Б. и.]
|d 1985
|
| 215 |
|
|
|a 140 с.
|c ил.
|
| 606 |
1 |
|
|a Топографо-геодезические работы
|2 stltpush
|3 (RuTPU)RU\TPU\subj\60990
|9 78207
|
| 610 |
1 |
|
|a техническая документация
|
| 610 |
1 |
|
|a составление
|
| 610 |
1 |
|
|a ведение
|
| 610 |
1 |
|
|a полевая документация
|
| 610 |
1 |
|
|a геодезические построения
|
| 610 |
1 |
|
|a геология
|
| 610 |
1 |
|
|a руководства
|
| 675 |
|
|
|a 528.4
|z rus
|v 3
|
| 712 |
0 |
1 |
|a СССР
|b Министерство геологии (Мингео)
|c (1946-1953, 1965-1991)
|2 stltpush
|3 (RuTPU)RU\TPU\col\9548
|
| 801 |
|
0 |
|a RU
|b RuMRKP
|c 19950704
|g psbo
|
| 801 |
|
1 |
|a RU
|b 63413507
|c 20141118
|
| 801 |
|
2 |
|a RU
|b 63413507
|c 20151203
|g RCR
|
| 942 |
|
|
|c BK
|